A munkahelyi beillesztés gyakorlata egy colorádói székhelyű vállalatnál

This paper seeks to examine the American practice for workplace integration. The different definitions of workplace integration and the formal and informal parts of the integration process are analysed. The literature pays little attention to the important assignments in Human Resources and/or manag...

Teljes leírás

Elmentve itt :
Bibliográfiai részletek
Szerző: Kozák Anita
Dokumentumtípus: Cikk
Megjelent: Egyesület Közép-Európa Kutatására Szeged 2014
Sorozat:Taylor : gazdálkodás- és szervezéstudományi folyóirat 6 No. 1-2
Kulcsszavak:Vezetés - vállalati
Tárgyszavak:
Online Access:http://acta.bibl.u-szeged.hu/34604
LEADER 01846nab a2200229 i 4500
001 acta34604
005 20260114094336.0
008 161017s2014 hu o 000 hun d
022 |a 2062-1396 
040 |a SZTE Egyetemi Kiadványok Repozitórium  |b hun 
041 |a hun 
041 |a eng 
100 1 |a Kozák Anita 
245 1 2 |a A munkahelyi beillesztés gyakorlata egy colorádói székhelyű vállalatnál  |h [elektronikus dokumentum] /  |c  Kozák Anita 
260 |a Egyesület Közép-Európa Kutatására  |b Szeged  |c 2014 
300 |a 168-177 
490 0 |a Taylor : gazdálkodás- és szervezéstudományi folyóirat  |v 6 No. 1-2 
520 3 |a This paper seeks to examine the American practice for workplace integration. The different definitions of workplace integration and the formal and informal parts of the integration process are analysed. The literature pays little attention to the important assignments in Human Resources and/or management activities during the integration process, so these assignments are introduced, too. These assignments are listed in the same sequentially like the examination's results are presented. In this paper the organizational side of the process is highlighted not the individual (newcomer's) area. In the second part of this essay the circumstances of an American case study examination are presented. In the next part of the paper the results of the case study are analysed. Besides the unstructured observation the company's employee and employer handbook are also used for the analytical part of the essay. Finally, the consequences and the most important information are summarized. 
650 4 |a Társadalomtudományok 
650 4 |a Közgazdasági és gazdálkodástudományok 
695 |a Vezetés - vállalati 
856 4 0 |u http://acta.bibl.u-szeged.hu/34604/1/vikek_014_015_168-177.pdf  |z Dokumentum-elérés